000 00449nam a2200133Ia 4500
008 100328s9999 xx 000 0 und d
082 _b10327
100 _aमाधव वसंत
245 _aसंगीत उधळलेला संसार
260 _bचित्रशाळा
630 _aसंगीत उधळलेला संसार
730 _aसंगीत उधळलेला संसार
942 _cBOOK
999 _c505837
_d505834